00736nam a22002297a 4500003000400000005001700004008004100021010001500062020002700077035001400104037001300118040000600131082001400137100002100151245012400172260004600296270006300342300002500405700002500430700002300455700002800478dpl20240305150547.0240305b |||||||| |||| 00| 0 eng d aENG-139540 a9788181715944c5098.00 aEN-123072 bDBAD/PUB c. a574.52642 aBanerjee, Dhriti aFaunal Diversity of Satkosia And Baisipalli Wildlife Sanctuaries, Satkosia Tiger Reserve:cBy Dhriti Banerjee...[et.al] aKolkatabZoological Survey of Indiac2022 aPrani Vigyan Bhawan, M-Block, New AliporebKolkatae700053 a812.Pagesc25cm,(hb) aAtanu NaskareAuthor aG.P.MandaleAuthor aKailash ChandraeAuthor